| 000 | 01392nam a2200361 c 4500 | ||
|---|---|---|---|
| 001 | a5767181 | ||
| 003 | CO-MdFUSB | ||
| 005 | 20180622170020.0 | ||
| 008 | 160307t2016 sp | |||| 000 0 spa | ||
| 017 |
_aSA 711-2015 _bOficina Depósito Legal Cantabria |
||
| 020 |
_a9788484686101 _qUniversidad Pontificia de Comillas |
||
| 020 |
_a9788429325317 _qSal Terrae |
||
| 040 |
_aSpMaBN _bspa _erdc _cCO-MdFUSB _dCO-MdFUSB |
||
| 041 | _aspa | ||
| 080 | _a159.9:2 | ||
| 082 |
_224 _aG 261.55 _bN778n |
||
| 100 | 1 |
_aNogués, Ramón M. _d1937- _4autor |
|
| 245 | 0 | 0 |
_aNeurociencias, espiritualidad y religiones _c/ Ramón María Nogués _b |
| 264 | 1 |
_aMadrid: _bPublicaciones de la U.P. Comillas ; _c℗2016 |
|
| 264 | 4 | _c©2016 | |
| 300 |
_a190 páginas : _c22 cm _b: |
||
| 336 |
_a1 _2isbdcontent _ba1 |
||
| 337 |
_a2 _2isbdmedia _b5 |
||
| 338 |
_2rdacarrier _a2 _b5 |
||
| 490 | 0 | _aCiencia y religión | |
| 504 | _aBibliografía (p. 177-190) | ||
| 505 | _aVivir y conocer -- Conciencia reflexiva y protagonismo del yo -- Ir de sobrados por la vida: más allá de las necesidades -- Espiritualidades -- Las religiones, guinda de la espiritualidad: el factor Dios -- Ejercicios espirituales: hacia la liberación y la iluminación -- Panorama (a modo de epílogo) | ||
| 650 | 7 | _aPsicología religiosa | |
| 942 | _cBK | ||
| 956 | _a2 | ||
| 999 |
_c63881 _d63881 |
||